000 00792cam a2200265 a 4500
001 17089847
003 OSt
005 20150408114137.0
008 111219s2013 maua 000 0 eng
010 _a 2011047581
020 _a9780273774501
020 _a0132783398
040 _aMa-Un
050 0 0 _aQA76.76.H94
_bM655 2013
082 0 0 _a006.74
_223
100 1 _aFelke-Morris, Terry.
_936590
245 1 0 _aWeb development and design foundations with HTML5 /
_cTerry Ann Felke-Morris.
250 _a6th ed.
260 _aBoston :
_bPearson,
_cc2013.
300 _axix, 648 p. :
_bill. (some col.) ;
_c28 cm.
650 0 _aXHTML (Document markup language)
650 0 _aWeb site development
_xComputer programs.
_936591
650 0 _aWeb sites
_xDesign.
_94689
942 _2ddc
_cBOOK
999 _c30463
_d264963